Castillos de cartón / (Record no. 73391)

MARC details
000 -LEADER
campo de control de longitud fija 01630nam a2200253 i 4500
001 - NÚMERO DE CONTROL
campo de control 73391
003 - IDENTIFICADOR DE NÚMERO DE CONTROL
campo de control ES-MaACL
005 - FECHA Y HORA DE LA ÚLTIMA TRANSACCIÓN
campo de control 20250415063057.0
007 - CAMPO FIJO DE DESCRIPCIÓN FÍSICA--INFORMACIÓN GENERAL
campo de control de longitud fija t|
008 - DATOS DE LONGITUD FIJA--INFORMACIÓN GENERAL
campo de control de longitud fija 041006s2004 sp ||||1| spa d
020 ## - NÚMERO INTERNACIONAL ESTÁNDAR DEL LIBRO
Número Internacional Estándar del Libro 84-8310-259-5
080 ## - NÚMERO DE LA CLASIFICACIÓN DECIMAL UNIVERSAL
Número de la Clasificación Decimal Universal 821.134.2-31"19"
100 1# - ENTRADA PRINCIPAL--NOMBRE DE PERSONA
Nombre de persona Grandes, Almudena,
Fechas asociadas al nombre 1960-2021
9 (RLIN) 59600
245 10 - MENCIÓN DEL TÍTULO
Título Castillos de cartón /
Mención de responsabilidad, etc. Almudena Grandes.
250 ## - MENCION DE EDICION
Mención de edición 1ª ed.
260 ## - PUBLICACIÓN, DISTRIBUCIÓN, ETC.
Lugar de publicación, distribución, etc. Barcelona :
Nombre del editor, distribuidor, etc. Tusquets,
Fecha de publicación, distribución, etc. 2004.
300 ## - DESCRIPCIÓN FÍSICA
Extensión 199 p. ;
Dimensiones 21 cm.
490 1# - MENCIÓN DE SERIE
Mención de serie Andanzas ;
Designación de volumen o secuencia 529
520 ## - RESUMEN, ETC.
Sumario, etc. María José Sánchez trabaja de tasadora de arte en una casa madrileña de subastas. Un día recibe la llamada de un antiguo compañero y amante, Jaime González, anunciándole que su común amigo, Marcos Molina Schulz, se ha suicidado. La noticia no sólo devuelve a la narradora a su época de estudiante de Bellas Artes, cuando todavía soñaba con ser pintora, sino que le hace revivir la torrencial historia de amor que vivieron los tres cuando ella apenas tenía veinte años. Con la amarga emoción de lo que se siente irrecuperable, María José reconstruye los detalles de aquella pasión triangular, imposible y excesiva, la alegría desbordante con que exploraron el sexo, la intimidad sin tapujos recién estrenada, la entrega cómplice y excluyente a la pintura. Fueron destellos de una felicidad intensa, verdadera, que sólo acabaron ensombreciendo los celos de los amantes y la injusta negociación con el talento de los tres aprendices de artista.
830 10 - PUNTO DE ACCESO ADICIONAL DE SERIE-TÍTULO UNIFORME
Título uniforme Colección Andanzas
Designación de volumen o secuencia 529
9 (RLIN) 234359
852 4# - LOCALIZACIÓN
Ubicación ES-MaACL
Número de control de estantería L-28222
942 ## - ELEMENTOS DE ENTRADA SECUNDARIOS (KOHA)
Fuente del sistema de clasificación o colocación Clasificación decimal universal
Holdings
Estatus retirado Estado de pérdida Estado de daño No para préstamo Biblioteca de origen Biblioteca actual Ubicación en estantería Fecha de adquisición Fuente de adquisición Total de préstamos Signatura topográfica completa Código de barras Visto por última vez Precio de reemplazo Tipo de ítem Koha
        Biblioteca del Ateneo de Madrid Biblioteca del Ateneo de Madrid Depósito 2 17/01/2008     L-28222 1076822 23/02/2023 23/02/2023 Libro impreso